CO POSIADA OSTRZE? - Statystyki

Ogólne statystyki
  • Ten quiz został rozwiązany 76 razy
  • Średni wynik to 4 z 7
Statystyki odpowiedzi
Hint Odpowiedź % Poprawnych
1. NÓŻ
100%
3. MIECZ
65%
2. SIEKIERA
60%
4. TASAK
44%
6. BRZYTWA
42%
7. GILOTYNA
23%
5. NOŻYCE
19%
Nie znaleziono quizów pasujących do podanych kryteriów
Rozkład punktacji
Procent ludzi z każdym wynikiem
Percentyl według liczby udzielonych odpowiedzi
Twoja historia wyników
Nie rozwiązałeś tego quizu